Suspected poems / (Record no. 145957)

MARC details
000 -LEADER
fixed length control field 00819nam a22002297a 4500
005 - DATE AND TIME OF LATEST TRANSACTION
control field 20181031143320.0
010 ## - LCCN (DPL NO)
LC control number 1718EN-30 ENG-124422
020 ## - INTERNATIONAL STANDARD BOOK NUMBER
International Standard Book Number 9780670089611
Terms of availability 299.00
035 ## - SYSTEM CONTROL NUMBER
System control number B-683557-558 EN-107954
037 ## - SOURCE OF ACQUISITION
Source of stock number/acquisition BSB
Stock number dpl
037 ## - SOURCE OF ACQUISITION
Source of stock number/acquisition DBAD/PUB.
082 ## - DEWEY DECIMAL CLASSIFICATION NUMBER
Classification number 821
100 ## - MAIN ENTRY--PERSONAL NAME
Personal name Gulzar
245 ## - TITLE STATEMENT
Title Suspected poems /
Statement of responsibility, etc by Gulzar ;translated by Pavan K. Verma
260 ## - PUBLICATION, DISTRIBUTION, ETC. (IMPRINT)
Place of publication, distribution, etc Gurgaon
Name of publisher, distributor, etc Penguin
Date of publication, distribution, etc 2017
270 ## - ADDRESS
Address 7th Floor, Infinity Tower C, DLF Cyber City,
City Gurgaon
Postal code 122002
300 ## - PHYSICAL DESCRIPTION
Extent xvii,135p.
Dimensions 21cm(Hb)
500 ## - GENERAL NOTE
General note Includes index
700 ## - ADDED ENTRY--PERSONAL NAME
Personal name Verma, Pavan K.
942 ## - ADDED ENTRY ELEMENTS (KOHA)
Source of classification or shelving scheme Dewey Decimal Classification
Item type English Books
Call number suffix GUL
Classification part 821
Holdings
Withdrawn status Lost status Not for loan Collection code Home library Current library Date acquired Source of acquisition Cost, normal purchase price Full call number Barcode Copy number Cost, replacement price Koha item type
      Non-fiction Ashok Vihar Ashok Vihar 26/03/2018 BSB/292/30.11.2017/EN/2017-18/641/20.11.2017/14.12.2017 299.00 821 GUL B-683558 1 299.00 English Books
    Not For Loan Non-fiction D.B.Act.Division Bawana 31/10/2018 DBAD/PUB 299.00 821 GUL EN-107954 1 299.00 English Books
      Non-fiction Central Library Central Library 26/03/2018 BSB/292/30.11.2017/EN/2017-18/641/20.11.2017/14.12.2017 299.00 821 GUL B-683557 1 299.00 English Books

© Delhi Public Library
Hit Counter
free hit counter